000 00632nam a2200241 a 4500
001 0001-0949
003 ELIB.Books
008 140909 2010 eng
020 _aKBTS
035 _a(ELIB.Books)0001-1103
092 _aThesis
_bEh
100 _aEh Wah, Naw
245 _aThe Critical of the Church and Social Responsibility
260 _aKBTS; Insein
_bKaren Baptist Theological Seminary
_c2014
300 _c29.7 Cm
500 _aEh Pwo Wah, Naw
650 _aThesis
856 _nKBTS; Library
_uKBTS; Elib.
942 _2ddc
_cBK
990 _a1
998 _cbat
_e2014-09-09
999 _c10949
_d10949